| 000 | 01100nam a2200289 c 4500 | ||
|---|---|---|---|
| 003 | BLK | ||
| 005 | 20180422094611.0 | ||
| 008 | 180412b bul|||||r ||||||| ||bul|| | ||
| 010 | _aKNG00016438000 | ||
| 020 |
_a954-8004-14-3 _bиздат.: Абагар-МК'90 |
||
| 040 | _aBLK | ||
| 041 |
_aBUL _cBUL |
||
| 080 |
_aАмериканска литература (на САЩ) _b821.111(73) _x-31 _z821.111(73)-31 |
||
| 100 | 1 |
_aКупър, Джеймс Фенимор _eпърви автор _9259535 |
|
| 700 | 1 |
_aГерманов, Владимир _eпрев. от англ. _9363432 |
|
| 139 |
_aКупър, Джеймс Фенимор _bК 94 |
||
| 245 | 1 | 0 |
_aШпионинът _bРоман _cДжеймс Фенимор Купър; прев. от англ. Владимир Германов. |
| 257 | _aUSA | ||
| 260 |
_аСофия _bАбагар-МК'90 _c1991 |
||
| 300 |
_a390 с. _c20 см |
||
| 380 | _aX | ||
| 852 | _aЦб 167060 | ||
| 856 | 4 |
_qpdf _u |
|
| 856 | 4 |
_qpdf _u |
|
| 942 |
_cKNG _n0 |
||
| 944 |
_aCR _c15.01.2003 _kВиолета_Тройчева |
||
| 944 |
_aED _c17.09.2015 _kТеодора_Стоянова |
||
| 999 |
_c14717 _d14717 |
||